000 00552nam a2200181 i 4500
001 51024
003 ES-MaACL
005 20230906162259.0
007 t|
008 030808s1972 sp ||||1| spa d
100 1 _aCurtius, Ernst.
_942251
245 1 0 _aEnsayos críticos sobre la literatura europea /
_cErnst Curtius ; [traducción de Eduardo Valentí].
250 _a[2ª ed.].
260 _aBarcelona :
_bSeix Barral,
_c[1972]
300 _a545 p. ;
_c20 cm.
700 1 _aValentí Fiol, Eduardo.
_9112600
852 _aES-MaACL
_jC-43552
_bR.82923
999 _c51024
_d51024